GIMS - Est-ce que tu m'aimes ? [paroles] - Statistiques

Statistiques générales
  • Ce quiz a été pris 372 fois
  • Le résultat moyen est 82 sur 117
Statistiques - réponses
Réponse % Correct
je
96%
“je
96%
m’a
96%
tu
95%
ta
94%
j’ai
92%
à
91%
a
91%
la
91%
le
91%
me
91%
que
91%
vu
91%
de
90%
est-ce
90%
t’aime
90%
t’aime ?
90%
t’aime”
90%
m’aimes ?
89%
pas
89%
si
89%
ce
88%
même
85%
et
83%
j’sais
83%
mais
83%
te
83%
des
81%
du
81%
j’étais
81%
plus
81%
yeux
81%
mal
80%
n’étais
79%
t’aimer
79%
cligné
78%
l’averse
78%
censé
77%
un
77%
tunnel
76%
dans
75%
femelle
75%
femelle ?
75%
mâle
75%
qu’à
75%
retrouvé
75%
mes
74%
jeu
73%
nous
73%
quand
73%
sommeil
73%
ton
73%
éternel
72%
l’encre
72%
sous
72%
voir
72%
afin
71%
l’bout
71%
noire
71%
71%
paupières
71%
graver
70%
image
70%
pour
69%
prêt
69%
mènera
68%
l’sourire
67%
en
66%
les
66%
on
66%
ça
64%
fait
64%
au
63%
dire
63%
était
62%
tellement
62%
faire
61%
suis
61%
jamais
60%
nos
60%
complexes
59%
complices
59%
j’n’avais
59%
juste
59%
lever
59%
tes
59%
autant
58%
brisé
58%
cil
58%
manière
58%
n’ai
58%
souffert
58%
t’avais
58%
t’faire
58%
bague
57%
comprendre
57%
passe
57%
passé
57%
doigt
56%
j’me
56%
j’t’ai
56%
mis
56%
t’aimais
56%
verre
56%
balivernes
54%
temps
54%
pendant
53%
bracelets
52%
subis
52%
l’plafond
49%
ennuyeux
46%
t’éviter
46%
m’envolant
45%
fais
40%
trouverais
36%
souffrir
30%
j’m’suis
23%
Aucun quiz correspondant
Distribution des résultats
% des personnes avec chaque résultat
Percentile par nombre de réponses
Votre historique - résultats
Vous n’avez pas pris ce quiz